00000000nam##2200000za#4500
0019.700239
003CaOODSP
00520210625000738
007cr |||||||||||
008150407|2015||||xxc|||||o    f|0| 0 eng|d
020 |a978-1-100-25532-3
040 |aCaOODSP|beng
043 |an-cn---
0861 |aEm20-22/2015E-PDF
1101 |aCanada. |bEmployment and Social Development Canada. |bInternal Audit Services Branch.
24510|aAudit of the departmental information system and technology controls – phase 1 – application controls |h[electronic resource]
260 |aOttawa - Ontario : |bEmployment and Social Development Canada. |cNovember 2014.
300 |a22p.|bglossary
590 |a15-10|b2015-03-06
69007|aInformation systems|2gcpds
69007|aTechnology policy|2gcpds
77508|tAudit des contrôles ministériels en matière de système d'information et de technologie de l'information – Phase 1 – Contrôles des applications |w(CaOODSP)9.644133
85640|ahttp://publications.gc.ca|qPDF|s298 KB|uhttps://publications.gc.ca/collections/collection_2015/edsc-esdc/Em20-22-2015-eng.pdf
986 |aEm20-22/2015E-PDF